000 00418nam a2200181Ia 4500
005 20250423094307.0
008 250422s9999 xx 000 0 und d
020 _a9789383318568
050 _aPN 4775 .W37/
100 _aWaseem, M.K.
245 2 _aA textbook of print journalism
260 _aNew Delhi
260 _bWisdom Press
260 _c2016
300 _a245 p
650 _aJournalism.
942 _cBK
999 _c26826
_d26826